| 000 | 00444nam a22001697a 4500 | ||
|---|---|---|---|
| 003 | MPLRDC | ||
| 005 | 20220104142843.0 | ||
| 008 | 210129b ||||| |||| 00| 0 eng d | ||
| 082 | _a496.5 GOL c.2* | ||
| 100 | _aHEINZ M. GOLDMAN著; 谢毅斌等译 | ||
| 245 |
_a推销技巧: 怎样嬴得顾客 _c |
||
| 250 | _a一版一刷 | ||
| 260 |
_a _b中国农业机械出版社 _c1984 |
||
| 300 | _b平 | ||
| 650 | _a | ||
| 942 |
_cBK _o496.5 GOL c.2* |
||
| 999 |
_c34253 _d34243 |
||